Big Brother 13 Evictions Quiz Stats

 Plays Quiz not verified by Sporcle

Score 0/12 Timer 10:00
0 Plays Today
% Correct
Keith
95.6%
Cassi
91.8%
Dominic
91.8%
Brendon
91.5%
Jordan
91.2%
Jeff
90%
Lawon
89.7%
Daniele
89.7%
Adam
89.7%
Shelly
89%
Kalia
87.8%
Porsche
87.8%

You're not logged in!

Compare scores with friends on all Sporcle quizzes.
OR
Log In

You Might Also Like...

Show Comments

Extras

Created Oct 22, 2011ReportNominate
Tags:TV Show Quiz, Big Brother, cbs

Top Quizzes Today


Score Distribution

Your Account Isn't Verified!

In order to create a playlist on Sporcle, you need to verify the email address you used during registration. Go to your Sporcle Settings to finish the process.

Report this User

Report this user for behavior that violates our Community Guidelines.

Details: